000 00392nam a22001577a 4500
005 20150429123124.0
008 150429b xxu||||| |||| 00| 0 eng d
040 _cPK-LaUMT
082 _aKHC 297.8203
_bHAS-I
100 _aHassan Al-Amin
245 _aIslamic Shi'ite
_bencyclopaedia
_cHassan Al-Amin
260 _aBeirut
_b[ ]
_c1968
300 _a208 p.
490 _vVol. 1
942 _cBK
999 _c70640
_d70640